Statistics for FIFA 17 Top 10 French Left Wingers

Click here to take the quiz!

General Stats

  • This quiz has been taken 39 times
  • The average score is 3 of 10

Answer Stats

RankPlayerOVA% Correct
2Dimitri Payet86
74%
1Franck Ribéry86
71%
4Anthony Martial82
65%
5Kinglsey Coman81
56%
3Samir Nasri82
35%
6Paul-Georges Ntep80
18%
8Georges-Kévin Nkoudou78
15%
7M'Baye Niang78
9%
9Eric Bauthéac76
3%
10Jonathan Schmid76
3%

Score Distribution

Percentile by Number Answered

Percent of People with Each Score

Your Score History

You have not taken this quiz